The only one / Christine Feehan, Susan Grant, and Susan Squires.
Record details
- ISBN: 0843951702
- Physical Description: 366 pages ; 18 cm.
- Publisher: New York : Leisure Books, 2003.
Content descriptions
| Formatted Contents Note: | Dark descent / Christine Feehan -- The star queen / Susan Grant -- Sacrilege / Susan Squires. |
Search for related items by subject
| Subject: | Romance fiction. |
| Genre: | Love stories. |
Available copies
- 1 of 1 copy available at scottsboropl.
Holds
- 0 current holds with 1 total copy.
Show Only Available Copies
| Location | Call Number / Copy Notes | Barcode | Shelving Location | Status | Due Date |
|---|---|---|---|---|---|
| scottsboropl | F Fee | 32269000855539 | Adult - Fiction | Available | - |
| LDR | 00819nam a2200241 a 4500 | ||
|---|---|---|---|
| 001 | 121830 | ||
| 003 | CONS | ||
| 005 | 20140703075958.0 | ||
| 008 | 070914s2003 nyu 000 1 eng d | ||
| 020 | . | ‡a0843951702 | |
| 035 | . | ‡a(CPomAG)LMN472352 | |
| 100 | 1 | . | ‡aFeehan, Christine. |
| 245 | 1 | 4. | ‡aThe only one / ‡cChristine Feehan, Susan Grant, and Susan Squires. |
| 260 | . | ‡aNew York : ‡bLeisure Books, ‡c2003. | |
| 300 | . | ‡a366 pages ; ‡c18 cm. | |
| 505 | 0 | . | ‡aDark descent / Christine Feehan -- The star queen / Susan Grant -- Sacrilege / Susan Squires. |
| 655 | 7. | ‡aLove stories. ‡2gsafd | |
| 650 | 0. | ‡aRomance fiction. | |
| 700 | 1 | . | ‡aGrant, Susan. |
| 700 | 1 | . | ‡aSquires, Susan. |
| 914 | . | ‡aNWS_tc | |
| 959 | . | ‡i32269000855539 ‡lPB F Fee ‡aAdult - Fiction ‡tFiction ‡g6.99 | |
| 852 | . | ‡p32269000855539 ‡jPB F Fee ‡gAdult - Fiction ‡cFiction ‡y6.99 ‡bSBPL | |
| 901 | . | ‡a121830 ‡bUnknown ‡c121830 ‡tbiblio | |